Practice management guidance note updated (Record no. 73748)

MARC details
000 -LEADER
fixed length control field 01326cam a2200265 4500
001 - CONTROL NUMBER
control field WB3942-03
008 - FIXED-LENGTH DATA ELEMENTS--GENERAL INFORMATION
fixed length control field 031105n2003 000 0 eng u
035 ## - SYSTEM CONTROL NUMBER
System control number (Sirsi) u124244
245 ## - TITLE STATEMENT
Title Practice management guidance note updated
260 ## - PUBLICATION, DISTRIBUTION, ETC.
Date of publication, distribution, etc. 2003
490 ## - SERIES STATEMENT
Series statement RICS Management Consultancy Faculty Feature
Volume/sequential designation 31 October 2003 (1)
520 ## - SUMMARY, ETC.
Summary, etc. The updated RICS "Practice management guidance note" has been published. It is particularly aimed at partners in small to medium practices. It focuses on six main topics: developing a practice strategy, reviewing and monitoring client service and marketing, leadership, benchmarking and learning, internal policies and procedures and practice finance and financial planning. Further details are available at http://www.ricsbooks.com/productInfo.asp?product_id=6937. ISBN 1842191365 £20. http://www.rics.org/ricscms/bin/show?class=Feature&template=/includes/showfeature.html&id=852&faculty=Management%20Consultancy&faculty=All%20Faculties
590 ## - LOCAL NOTE (RLIN)
Local note WB
650 ## - SUBJECT ADDED ENTRY--TOPICAL TERM
Topical term or geographic name entry element PRACTICE MANAGEMENT
650 ## - SUBJECT ADDED ENTRY--TOPICAL TERM
Topical term or geographic name entry element MARKETING
650 ## - SUBJECT ADDED ENTRY--TOPICAL TERM
Topical term or geographic name entry element BENCHMARKING
650 ## - SUBJECT ADDED ENTRY--TOPICAL TERM
Topical term or geographic name entry element FINANCE
650 ## - SUBJECT ADDED ENTRY--TOPICAL TERM
Topical term or geographic name entry element LEADERSHIP
650 ## - SUBJECT ADDED ENTRY--TOPICAL TERM
Topical term or geographic name entry element RICS GUIDELINES
650 ## - SUBJECT ADDED ENTRY--TOPICAL TERM
Topical term or geographic name entry element GUIDANCE
650 ## - SUBJECT ADDED ENTRY--TOPICAL TERM
Topical term or geographic name entry element BUSINESS SKILLS
650 ## - SUBJECT ADDED ENTRY--TOPICAL TERM
Topical term or geographic name entry element MANAGEMENT SKILLS
690 ## - LOCAL SUBJECT ADDED ENTRY--TOPICAL TERM (OCLC, RLIN)
Topical term or geographic name as entry element MANAGEMENT-BUSINESS MANAGEMENT
942 ## - ADDED ENTRY ELEMENTS (KOHA)
Suppress in OPAC 0
Holdings
Withdrawn status Lost status Source of classification or shelving scheme Damaged status Not for loan Home library Current library Shelving location Date acquired Total Checkouts Full call number Barcode Date last seen Copy number Price effective from Koha item type
    Dewey Decimal Classification     London London News article 05/11/2003   WB3942-03 124244-1001 06/08/2019 1 06/08/2019 News article